Statistics for NCAA Rushing Records

Click here to take the quiz!

General Stats

  • This quiz has been taken 7 times
  • The average score is 3 of 8

Answer Stats

RecordPlayer% Correct
Most Rushing Yards In CareerRon Dayne
86%
Most Rushing Yards In a GameSamaje Perine
71%
Most Rushing Yards In a SeasonBarry Sanders
43%
Most Rushing Touchdowns (Season)Barry Sanders
43%
Most 100 Yard Games (Career)DeAngelo Williams
43%
Most 200 Yard Games (Career)Jonathan Taylor
29%
Most Rushing Touchdowns (Game)Howard Griffith
14%
Most Rushing Touchdowns (Career)Keenan Reynolds
14%

Score Distribution

Percentile by Number Answered

Percent of People with Each Score

Your Score History

You have not taken this quiz